Invisibilité : sur l'épistémologie de la « reconnaissance » (notice n° 1669764)

détails MARC
000 -LEADER
fixed length control field 02160cam a2200169 4500500
005 - DATE AND TIME OF LATEST TRANSACTION
control field 20260222010946.0
041 ## - LANGUAGE CODE
Language code of text/sound track or separate title fre
042 ## - AUTHENTICATION CODE
Authentication code dc
100 10 - MAIN ENTRY--PERSONAL NAME
Personal name Honneth, Axel
Relator term author
245 00 - TITLE STATEMENT
Title Invisibilité : sur l'épistémologie de la « reconnaissance »
260 ## - PUBLICATION, DISTRIBUTION, ETC.
Date of publication, distribution, etc. 2005.<br/>
500 ## - GENERAL NOTE
General note 31
520 ## - SUMMARY, ETC.
Summary, etc. Le développement des médias de communication modernes est allé de pair avec une montée de l’interaction médiatisée qui, par rapport à l’interaction de face-à-face, se libère des contraintes de la co-présence. Une théorie interactionnelle de la communication permet de comprendre la genèse et la portée de la « nouvelle visibilité » qui accompagne ce processus. Parce qu’elle transforme profondément les modalités de l’apparition publique, la « nouvelle visibilité » a des conséquences sur les modes d’exercice du pouvoir politique. Si les tenants du pouvoir s’appuient sur cette visibilité, ils doivent aussi compter avec le fait qu’elle peut à tout moment se retourner contre eux. La visibilité publique est donc devenue de nos jours un enjeu de conflits et une composante majeure des luttes sociales et politiques.
520 ## - SUMMARY, ETC.
Summary, etc. INVISIBILITY: ON THE EPISTEMOLOGY OF “RECOGNITION” A distinction has to be made between a form of metaphorically invoked social invisibility and a form of actual invisibility experimented with by social actors. We can see why invisibility is experienced negatively when we examine the way in which social visibility is constructed: it is ontogenetically understood in expressive gestures intended for social subjects from the beginning of the socialization process. By experiencing themselves as receivers of expressive gestures, social subjects perceive that they are visible to one another. Conversely, the absence of this positive expressiveness is taken to be a sign of their invisibility. Visibility can thus be conceived of as an early but relatively neutral form of social recognition.
786 0# - DATA SOURCE ENTRY
Note Réseaux | 129-130 | 1 | 2005-04-01 | p. 39-57 | 0751-7971
856 41 - ELECTRONIC LOCATION AND ACCESS
Uniform Resource Identifier <a href="https://shs.cairn.info/revue-reseaux1-2005-1-page-39?lang=fr&redirect-ssocas=7080">https://shs.cairn.info/revue-reseaux1-2005-1-page-39?lang=fr&redirect-ssocas=7080</a>

Pas d'exemplaire disponible.

PLUDOC

PLUDOC est la plateforme unique et centralisée de gestion des bibliothèques physiques et numériques de Guinée administré par le CEDUST. Elle est la plus grande base de données de ressources documentaires pour les Étudiants, Enseignants chercheurs et Chercheurs de Guinée.

Adresse

627 919 101/664 919 101

25 boulevard du commerce
Kaloum, Conakry, Guinée

Réseaux sociaux

Powered by Netsen Group @ 2025